00597 2200181 4500001002100000005001500021035002000036007000300056008003900059082001200098084001800110100003200128245007500160260011400235300004200349650001100391022001300402INLIS00000000000063920240801021852 a0010-0824000004ta240801 | | |  a630.205 a630.205 ANA i0 aAna Cristina Maria Nogueira1 aImpacto do crédito rural no desenvolvimento da agricultura brasileira aBrazil, Maringá :bCentro Universitário de Maringá - Unicesumar, Núcleo de Editoração e Pesquisa,c2023 a1-16 hlm, :bilus, ;c21 cm X 29,5 cm 4aJurnal a19819951